La literatura comparada / (Registro nro. 119231)

Detalles MARC
000 -LEADER
campo de control de longitud fija 00789nam a2200229 4500
001 - NÚMERO DE CONTROL
campo de control 119231
003 - IDENTIFICADOR DE NÚMERO DE CONTROL
campo de control ES-MaACL
005 - FECHA Y HORA DE LA ÚLTIMA TRANSACCIÓN
campo de control 20240522132203.0
007 - CAMPO FIJO DE DESCRIPCIÓN FÍSICA--INFORMACIÓN GENERAL
campo de control de longitud fija t|
008 - DATOS DE LONGITUD FIJA--INFORMACIÓN GENERAL
campo de control de longitud fija 070214s1969 sp r ||||1| spa d
100 ## - ENTRADA PRINCIPAL--NOMBRE DE PERSONA
Nombre de persona Pichois, Claude,
Fechas asociadas al nombre 1925-2004
9 (RLIN) 235310
245 13 - MENCIÓN DEL TÍTULO
Título La literatura comparada /
Mención de responsabilidad, etc. Claude Pichois y André-M. Rousseau ; versión de Germán Colón Doménech.
260 ## - PUBLICACIÓN, DISTRIBUCIÓN, ETC.
Lugar de publicación, distribución, etc. Madrid :
Nombre del editor, distribuidor, etc. Gredos,
Fecha de publicación, distribución, etc. 1969.
300 ## - DESCRIPCIÓN FÍSICA
Extensión 245 p. ;
Dimensiones 21 cm.
490 1# - MENCIÓN DE SERIE
Mención de serie Biblioteca Románica Hispánica. Serie III. Manuales ;
Designación de volumen o secuencia 23
700 1# - ENTRADA AGREGADA--NOMBRE PERSONAL
Nombre de persona Rousseau, André-M.
9 (RLIN) 100053
700 1# - ENTRADA AGREGADA--NOMBRE PERSONAL
Nombre de persona Colón, Germà.
9 (RLIN) 39876
830 0# - PUNTO DE ACCESO ADICIONAL DE SERIE-TÍTULO UNIFORME
Título uniforme Biblioteca románica hispánica. III. Manuales ;
Designación de volumen o secuencia 23
9 (RLIN) 177701
852 ## - LOCALIZACIÓN
Ubicación ES-MaACL
Número de control de estantería C-39413
Sublocalización o colección R.72203
942 ## - ELEMENTOS DE ENTRADA SECUNDARIOS (KOHA)
Fuente del sistema de clasificación o colocación Clasificación decimal universal
Existencias
Estatus retirado Estado de pérdida Estado de daño No para préstamo Biblioteca de origen Biblioteca actual Ubicación en estantería Fecha de adquisición Fuente de adquisición Total de préstamos Signatura topográfica completa Código de barras Visto por última vez Precio de reemplazo Tipo de ítem Koha
        Biblioteca del Ateneo de Madrid Biblioteca del Ateneo de Madrid Depósito 2 17/01/2008     C-39413 1124292 23/02/2023 23/02/2023 Libro impreso